MARC details
| 000 -LÍDER |
| Campo de controle fixo |
01295nam a22004337a 4500 |
| 001 - NÚMERO DE CONTROLE |
| Número de controle |
BR2024003063 |
| 003 - CÓDIGO MARC DA AGÊNCIA CATALOGADORA |
| Campo de controle |
BR-BrBNA |
| 005 - DATA E HORA DA ÚLTIMA ATUALIZAÇÃO |
| Campo de controle |
20241017145034.0 |
| 008 - CAMPO DE TAMANHO FIXO |
| Campo fixo de controle |
241017b bl.||||| |||| 00| 0 por d |
| 020 ## - ISBN - INTERNATIONAL STANDARD BOOK NUMBER |
| ISBN |
978-85-62223-00-6 |
| 040 ## - FONTE DA CATALOGAÇÃO |
| Agência catalogadora |
BR-BrBNA |
| Idioma da catalogação |
por |
| 041 ## - CÓDIGO DO IDIOMA |
| Código do Idioma |
por |
| 072 ## - CATEGORIA AGRIS |
| Código da categoria de assunto/objeto |
<a href="E10 ; J10 ; E14">E10 ; J10 ; E14</a> |
| 090 ## - NÚMERO DE CHAMADA |
| Localização na estante |
E10 BR2024003063 |
| 110 ## - ENTRADA PRINCIPAL - ENTIDADE |
| Nome da entidade ou lugar |
Companhia Nacional de Abastecimento, Brasília, DF (Brasil) |
| 245 ## - TÍTULO PRINCIPAL |
| Título principal |
Abastecimento e segurança alimentar: o crescimento da agricultura e a produção de alimentos no Brasil |
| 260 ## - IMPRENTA (PUBLICAÇÃO, DISTRIBUIÇÃO, ETC.) |
| Lugar de publicação, distribuição, etc. |
Brasília, DF (Brasil) |
| Data de publicação, distribuição, etc |
2008 |
| 300 ## - DESCRIÇÃO FÍSICA |
| Extensão |
388 p. |
| 500 ## - NOTA GERAL |
| Notas gerais |
Includes several bibliographies; 18 illus.; 73 tables; 63 graphs |
| 650 ## - ASSUNTO - THESAGRO |
| Cabeçalho tópico ou nome geográfico |
POLÍTICA DE ABASTECIMENTO |
| 650 ## - ASSUNTO - THESAGRO |
| Cabeçalho tópico ou nome geográfico |
SEGURANÇA ALIMENTAR |
| 650 ## - ASSUNTO - THESAGRO |
| Cabeçalho tópico ou nome geográfico |
PREÇO |
| 650 ## - ASSUNTO - THESAGRO |
| Cabeçalho tópico ou nome geográfico |
COMMODITIES |
| 650 ## - ASSUNTO - THESAGRO |
| Cabeçalho tópico ou nome geográfico |
PRODUÇÃO DE ALIMENTOS |
| 650 ## - ASSUNTO - THESAGRO |
| Cabeçalho tópico ou nome geográfico |
ESTOQUE REGULADOR |
| 650 ## - ASSUNTO - THESAGRO |
| Cabeçalho tópico ou nome geográfico |
ARMAZENAGEM |
| 650 ## - ASSUNTO - THESAGRO |
| Cabeçalho tópico ou nome geográfico |
LOGÍSTICA |
| 650 ## - ASSUNTO - THESAGRO |
| Cabeçalho tópico ou nome geográfico |
CONAB |
| 650 ## - ASSUNTO - THESAGRO |
| Cabeçalho tópico ou nome geográfico |
PROGRAMA DE DESENVOLVIMENTO |
| 650 ## - ASSUNTO - THESAGRO |
| Cabeçalho tópico ou nome geográfico |
BIOCOMBUSTÍVEL |
| 650 ## - ASSUNTO - THESAGRO |
| Cabeçalho tópico ou nome geográfico |
SUSTENTABILIDADE |
| 650 ## - ASSUNTO - THESAGRO |
| Cabeçalho tópico ou nome geográfico |
BIODIVERSIDADE |
| 650 ## - ASSUNTO - THESAGRO |
| Cabeçalho tópico ou nome geográfico |
ORGANISMO GENETICAMENTE MODIFICADO |
| 650 ## - ASSUNTO - THESAGRO |
| Cabeçalho tópico ou nome geográfico |
AGRICULTURA FAMILIAR |
| 650 ## - ASSUNTO - THESAGRO |
| Cabeçalho tópico ou nome geográfico |
AGRONEGÓCIO |
| 650 ## - ASSUNTO - THESAGRO |
| Cabeçalho tópico ou nome geográfico |
INSUMO |
| 909 ## - IDENTIFICAÇÃO DO CATALOGADOR |
| Ano e mês da catalogação (aaaamm) |
202410 |
| Identificação do catalogador |
Fernando |
| 942 ## - TIPO ESPECÍFICO |
| Tipo de material |
Livros |
| 952 ## - LOCATION AND ITEM INFORMATION (KOHA) |
| -- |
2024-10-17 |